| 000 | 01881nam a2200553 i 4500 | ||
|---|---|---|---|
| 001 | 25838 | ||
| 003 | KOSZ 005 | ||
| 005 | 20200724131435.0 | ||
| 008 | 200724s1973 pl a f 000 0 pol | ||
| 015 | _aUWD 1973/11497 | ||
| 035 | _a991034836809705066 | ||
| 035 | _a(PL-WaBN)b19373661-48omnis_nlop | ||
| 035 | _ab19373661 | ||
| 035 | _a(OCoLC)823758688 | ||
| 035 | _a(PL)b0000001937366 | ||
| 035 | _a(EXLNZ-48OMNIS_NETWORK)9910484076405606 | ||
| 040 |
_aWA N _cWA N _dKOSZ 005/RW |
||
| 041 | 0 |
_apol _beng |
|
| 046 | _k1973 | ||
| 080 | _a612.1 | ||
| 080 | _a616.1-089 | ||
| 080 | _a636.7.028 | ||
| 100 | 1 |
_aŁazarkiewicz, Bogdan _d(1929- ) _eAutor |
|
| 245 | 1 | 0 |
_aKrążenie pozaustrojowe głowy w normotermii / _cBogdan Łazarkiewicz. |
| 260 |
_aWrocław : _bPaństwowe Wydawnictwo Naukowe, _c1973. |
||
| 300 |
_a78, [3] stron : _bilustracje ; _c25 cm. |
||
| 336 |
_aTekst _btxt _2rdacontent |
||
| 337 |
_aBez urządzenia pośredniczącego _bn _2rdamedia |
||
| 338 |
_aWolumin _bnc _2rdacarrier |
||
| 380 | _aKsiążki | ||
| 380 | _aPublikacje naukowe | ||
| 388 | 1 | _a1901-2000 | |
| 388 | 1 | _a1945-1989 | |
| 490 | 1 |
_aPrace Wrocławskiego Towarzystwa Naukowego. Seria B ; _vnr 183 |
|
| 504 | _aBibliografia na stronach 32-39. | ||
| 546 | _aStreszczenie w języku angielskim. | ||
| 650 | 7 |
_aKardiochirurgia _2DBN |
|
| 650 | 7 |
_aKrążenie pozaustrojowe _2DBN |
|
| 650 | 7 |
_aPsy _2DBN |
|
| 650 | 7 | _aChirurgia | |
| 650 | 7 | _aEksperymenty | |
| 655 | 7 | _aOpracowanie | |
| 658 | _aMedycyna i zdrowie | ||
| 710 | 2 |
_aPaństwowe Wydawnictwo Naukowe _4pbl |
|
| 830 | 0 |
_aPrace Wrocławskiego Towarzystwa Naukowego. _nSeria B _vnr 183 |
|
| 856 |
_uhttp://koha.tu.koszalin.pl/cgi-bin/koha/opac-detail.pl?biblionumber=25838 _yKatalog online BPK |
||
| 942 |
_2UKD _cKS |
||
| 999 |
_c25838 _d25838 |
||